|
|
|
|
| LEADER |
00000nab a2200000 a 4500 |
| 001 |
vtls000828706 |
| 003 |
SK-MaSNL |
| 005 |
20260304133232.0 |
| 008 |
250429c2002 xo 0 slo |
| 015 |
|
|
|a SNBRB2003/03-07183
|
| 035 |
|
|
|a CLN000180361
|
| 035 |
|
|
|a urn:nbn:sk:snk-ab9l4p
|
| 035 |
|
|
|a (urnnbn)urn:nbn:sk:snk:ar-a08iu1
|
| 035 |
|
|
|a (uuid)ac3ef7a6-9530-44ad-bdb0-479eaf240b4c
|
| 040 |
|
|
|a SNKBUCL
|b slo
|c SNKBUCL
|e AACR2
|
| 041 |
0 |
|
|a eng
|
| 044 |
|
|
|a xo
|c SK
|
| 080 |
|
|
|a 619:612.015.6:577.112.38:636.5
|2 1997
|
| 080 |
|
|
|a 636.5.083.1:637.514'65.04
|2 1997
|
| 080 |
|
|
|a 637.514'65.04
|2 1997
|
| 080 |
|
|
|a 612.015.6-019
|2 1997
|
| 245 |
0 |
0 |
|a Stress and amino-acid values of poultry meat
|c D. Sopková ... [et al.]
|
| 504 |
|
|
|a Res. angl.
|
| 504 |
|
|
|a Bibliogr. odkazy
|
| 650 |
0 |
7 |
|a aminokyseliny
|2 SNKPH
|9 16104
|
| 650 |
0 |
7 |
|a hydina
|2 SNKPH
|9 2747
|
| 650 |
0 |
7 |
|a stres
|2 SNKPH
|9 14472
|
| 650 |
0 |
7 |
|a vitamíny
|2 SNKPH
|9 2616
|
| 655 |
|
7 |
|a články z novín a časopisov
|2 SNK
|9 267496
|
| 700 |
1 |
|
|a Sopková, Drahomíra,
|d 1961-
|4 aut
|9 194463
|
| 700 |
1 |
|
|a Várady, Jozef,
|d 1939-2008
|4 aut
|9 26839
|
| 700 |
1 |
|
|a Pástorová, B.
|4 aut
|9 772309
|
| 700 |
1 |
|
|a Staníková, Angela
|4 aut
|9 24705
|
| 700 |
1 |
|
|a Kožárová, Ivona,
|d 1961-
|4 aut
|9 23075
|
| 773 |
0 |
|
|t Folia veterinaria
|g Roč. 46, supplementum 2 (2002), s. 53-54
|x 0015-5748
|
| 850 |
|
|
|a Slovenská národná knižnica
|
| 852 |
|
|
|a Slovenská národná knižnica
|
| 958 |
|
|
|a article13
|
| 958 |
|
|
|a NB
|
| 958 |
|
|
|a MI
|
| 958 |
|
|
|a OND
|
| 958 |
|
|
|a EUIPO
|
| 992 |
|
|
|a RBX
|
| 999 |
|
|
|c 2900565
|d 2902495
|